| 000 | 00668nam a22001697a 4500 | ||
|---|---|---|---|
| 003 | PILC | ||
| 005 | 20151105140430.0 | ||
| 008 | 151105b xxu||||| |||| 00| 0 eng d | ||
| 020 | _a9781843346845 | ||
| 050 |
_aZ 719 _b.C956 2012 |
||
| 100 | _aCrump, Michelle. | ||
| 245 |
_aMeeting the needs of student users in academic libraries : _breaching across the great divide / _cMichelle J. Crump and Leilani S. Freund with contributions from Steven Carrico, Ann Lindell, Pascall Lupien and Randy Oldham. |
||
| 260 |
_aNew Delhi : _bChandos Publishing, _c2012. |
||
| 300 |
_axviii, 204 pages : _billustrations ; _c25 cm. |
||
| 500 | _aIncludes index. | ||
| 942 |
_2lcc _cBK _kFOR |
||
| 999 |
_c288923 _d288923 |
||